00884cam a22002775i 450000100090000000300040000900500170001300800410003001000170007102000180008802500250010603700530013104000280018404200100021208200180022210000420024024500710028225000210035326400670037430000230044133600260046433700280049033800270051852000430054554600180058822740506OSt20260305123511.0220806e202202 ii 000 0 malo  a 2022335270 a9789354324055 aI-Mal-2022335270; 04 bLibrary of Congress -- New Delhi Overseas Office aDLCbengerdacDLCdDLC alcode a954.83bPAU/A1 aBēbi Pōḷ, Vinild1987-eauthor.10aAṭimakēraḷattint̲e adr̥śyacaritr̲aṃ /cVinil Pōḷ. a4-āṃ patipp. 1aKottayam, Kerala State, India :bḌi Si Buks,cFebruary 2022. a245 pages ;c21 cm atextbtxt2rdacontent aunmediatedbn2rdamedia avolumebnc2rdacarrier aChurch and slavery in Kerala, a study. aIn Malayalam.